1682 1578 1212 1770 1107 1227 1589 1857 1765 1873 1733 1898 1481 1667 1125 1320 1387 1612 1260 1349 1361 1246 1707 1144 1732 1177 1670 1145 1990 1493 1284 1923 1712 1271 1918 1339 1196 1228 1687 1373 1390 1884 1626 1210 1841 1732 1516 1796 1190 1198 1687 1385 1122 1785 1988 1228 1709 1436 1140 1951 1349 1105 1337 1092 1969 1635 1829 1538 1634 1761 1481 1999 1100 1525 1081 1221 1158 1296 1229 1023 1679 1854 1678 1459 1714 1934 1208 1383 1367 1550 1384 1880 1098 1037 1563 1526 1718 1751 1771 BCNSPRNW ULIB Ver.6.0+V

เปลี่ยนเป็นภาษาไทย

Change to English
 แสดงรายละเอียดบรรณานุกรม
  กลับหน้าหลัก

Brief Record : Get Marc (ISO 2709) : E-mail record : QR code < ปิดหน้าต่าง
LEADER : 00000nam 2200000uu 4500
001    13399111025
003     ULIB
008    110615s2545||||th 000 0 tha d
020    9742944415
060 04 WY105^bน578ก 2545
100 0  นิตยา ศรีญาณลักษณ์
245 10 การบริหารการพยาบาล /^cนิตยา ศรีญาณลักษณ์, บรรณาธิการ
250    พิมพ์ครั้งที่ 1
260    นนทบุรี :^bโครงการสวัสดิการวิชาการ สถาบันพระบรมราชชนกกระทรวงสาธารณสุข,^c2545
300    [13], 379 หน้า ;^c27 ซม.
650  7 การพยาบาล^xการบริหาร
650  7 การบริหารการพยาบาล
653    LI:RAมีปี2552 พิมพ์ครั้งที่ 3
710 2  สถาบันพระบรมราชชนก. ^bโครงการสวัสดิการวิชาการ
945    ^p200^l0^i12027
945    ^p200^l0^i12026
945    ^p200^l0^i12025
945    ^p200^l0^i12024
945    ^p200^l0^i12023
995    เกษร
999    ^aใช้งานได้ทุกระบบ
รายการนี้ยังไม่มีแท็ก
คุณยังไม่ได้ล็อกอิน คุณสามารถมีกิจกรรมร่วมกับเว็บไซต์ได้ แต่ต้องล็อกอินก่อน ::
  ล็อกอิน

รายการสื่อสารสนเทศ

ลำดับที่ ประเภท เลขเรียก/บาร์โค้ด สถานที่ สถานะ
- ไม่พบข้อมูล -

รายการใกล้เคียง
    ผู้แต่ง [นิตยา ศรีญาณลักษณ์]

    หัวเรื่อง [การบริหารการพยาบาล]

BibComment


ยังไม่เคยถูกคอมเมนท์

คอมเมนท์ทรัพยากรรายการนี้
  คอมเมนท์: การบริหารการพยาบา..


 Copyright 2026. Bcnsprnw @Library